000
00307nam a2200133Ia 4500
005
20260326235456.0
008
260326s9999||||xx |||||||||||||| ||und||
100
_a
Casamonti, Marco
245
0
_a
Jean Nouvel /
_c
Marco Casamonti
260
_b
Motta
300
_a
119 p.
650
_a
ARQUITECTOS
942
_c
BK
999
_c
7934
_d
7934